| 000 | 00533nam a2200157Ia 4500 | ||
|---|---|---|---|
| 008 | 220216s9999 xx 000 0 und d | ||
| 100 | _aMeenattoor J R | ||
| 245 | 0 | _aClone x environment interaction in early growth phase of Hevea brasiliensis: Cluster analysis based on G and GE effects | |
| 260 |
_bInternational Natural Rubber Conference, 5-8 February 1992, Bangalore, India _c1992 |
||
| 700 | _aKrishnakumar A K | ||
| 700 | _aPotty S N | ||
| 700 | _aSethuraj M R | ||
| 700 | _aSinha R R | ||
| 700 | _aVinod K K | ||
| 942 | _cJS | ||
| 999 |
_c55762 _d55762 |
||